Congressional Gold Medal Recipients Quiz Stats

 Plays Quiz Updated Aug 23, 2019

Score 0/20 Timer 04:00
4 Plays Today
Hint Answer % Correct
US PresidentGeorge Washington
96.3%
South African statesmanNelson Mandela
94.1%
American activistsMartin Luther and Coretta Scott King
92.9%
Albanian-Indian nunMother Teresa
91.7%
US President and First LadyRonald and Nancy Reagan
89.6%
American animatorWalt Disney
89.4%
American inventorThomas Edison
87.3%
Polish popePope John Paul II
86.4%
US President and First LadyGerald and Betty Ford
86.2%
Tibetan spiritual leaderDalai Lama
83.2%
Hint Answer % Correct
American actorJohn Wayne
78.8%
American athleteJesse Owens
78.3%
American statesmanColin Powell
74.7%
British-American comedianBob Hope
73.5%
American baseball playerJackie Robinson
72.2%
American golferJack Nicklaus
71.9%
American aviatorCharles Lindbergh
61.9%
American activistRosa Parks
44.8%
US PresidentZachary Taylor
41.6%
Burmese politicianAung San Suu Kyi
26.1%

You're not logged in!

Compare scores with friends on all Sporcle quizzes.
OR
Log In

Sporcle TV

Today on Sporcle TV


Watch our educational content, quiz creation guides, and fun videos on Sporcle TV.

Show Comments

Extras

Top Quizzes Today


Score Distribution

Your Account Isn't Verified!

In order to create a playlist on Sporcle, you need to verify the email address you used during registration. Go to your Sporcle Settings to finish the process.

Report this User

Report this user for behavior that violates our Community Guidelines.

Details: